| 000 | 00537nac a22001451u 4500 | ||
|---|---|---|---|
| 008 | 081020s 1996||||| |||| 00| 1 ara d | ||
| 020 | _a9772700557 | ||
| 082 |
_a813.01962 _bم ط ا _222 |
||
| 245 |
_aوقت للسعادة.. وقت للبكاء / _cعبد الوهاب مطاوع |
||
| 250 | _aط3 | ||
| 260 |
_aالقاهرة : _bالدار المصرية اللبنانية ,1996. _c1996. |
||
| 300 |
_a236 ص ؛ _c19 سم . |
||
| 650 |
_98088 _aالقصص العربية القصيرة _z-- مصر |
||
| 942 |
_cBB _k813.01962 م ط ا _2ddc |
||
| 999 |
_c3783 _d3783 |
||